| 000 | 00560nam a2200181 a 4500 | ||
|---|---|---|---|
| 005 | 20210223125351.0 | ||
| 008 | 040506s2001 es r 000 0 spa d | ||
| 020 | _a8427713614 | ||
| 035 | _aUPN01000133328 | ||
| 049 | _aCG | ||
| 050 | 4 |
_aHD6052 _bR4.8 |
|
| 245 | 0 | 4 |
_aUna revolución inesperada : _bsimbolismo y sentido del trabajo de las mujeres / _cAnnarosa Buttarelli ... [et al.]. |
| 260 |
_aMadrid : _bNarcea, _c2001. |
||
| 300 | _a134 p. | ||
| 650 | 4 |
_aMUJERES - _xEMPLEO - _vCONGRESOS _9966 |
|
| 700 | 1 |
_aButtarelli, Annarosa, _ecoaut. |
|
| 905 | _aLibro | ||
| 999 |
_c105480 _d105480 |
||